000 00789nam a2200193Ia 4500
008 151121s9999||||xx |||||||||||||| ||und||
082 _a833-/प्रेमचं
082 _bHNW-61945
100 _aप्रेमचंद
245 _aप्रेमचंद की सर्वश्रेष्ठ कहानियाँ
260 _b"सरस्वती प्रेस, इलाहाबाद-दिल्ली।"
260 _c--
300 _a160
600 _aप्रेमचंद
630 _aप्रेमचंद की सर्वश्रेष्ठ कहानियाँ
700 _aप्रेमचंद
730 _aप्रेमचंद की सर्वश्रेष्ठ कहानियाँ
942 _cBOOK
999 _c1243488
_d1243485